|
|
|
|
| LEADER |
00726nab a2200205 i 4500 |
| 001 |
misc2274 |
| 005 |
20191106141432.0 |
| 008 |
170607s1985 hu o 0|| hun d |
| 022 |
|
|
|a 0865-4093
|
| 040 |
|
|
|a SZTE Miscellanea Repozitórium
|b hun
|
| 041 |
|
|
|a hun
|
| 100 |
1 |
|
|a Szőcs Géza
|
| 245 |
1 |
0 |
|a Javaslat egy kisebbségi világszervezet létrehozására
|h [elektronikus dokumentum] /
|c Szőcs Géza
|
| 260 |
|
|
|c 1985
|
| 300 |
|
|
|a 60-61
|
| 490 |
0 |
|
|a Beszélő : politikai és kulturális folyóirat
|v 13-14
|
| 695 |
|
|
|a Kisebbségtudomány, Társadalomtudomány
|
| 700 |
0 |
1 |
|a Király Károly
|e aut
|
| 700 |
0 |
1 |
|a Čarnogurský Ján
|e aut
|
| 856 |
4 |
0 |
|u http://misc.bibl.u-szeged.hu/2274/1/beszelo_013_014_060-061.pdf
|z Dokumentum-elérés
|